LIBRARY & INFORMATION CENTRE, KCAET, TAVANUR

ONLINE PUBLIC ACCESS CATALOGUE (OPAC)

Pre university botany / (Record no. 11302)

MARC details
000 -LEADER
fixed length control field 00384cam a2200157ua 4500
041 ## - LANGUAGE CODE
Language code of text/sound track or separate title eng
082 ## - DEWEY DECIMAL CLASSIFICATION NUMBER
Classification number 581
Item number VEN/PR
100 ## - MAIN ENTRY--AUTHOR NAME
Personal name Venkataraman, G .
245 ## - TITLE STATEMENT
Title Pre university botany /
260 ## - PUBLICATION, DISTRIBUTION, ETC. (IMPRINT)
Place of publication Chennai :
Name of publisher S.Viswanathan ,
Year of publication 1963.
300 ## - PHYSICAL DESCRIPTION
Number of Pages 195 ; .
700 1# - ADDED ENTRY--PERSONAL NAME
Personal name Rao, K N .
942 ## - ADDED ENTRY ELEMENTS (KOHA)
Koha item type Books
Holdings
Withdrawn status Lost status Damaged status Home library Current library Date acquired Cost, normal purchase price Full call number Accession Number Koha item type
Withdrawn     KAUAET KAUAET 07/04/2012 3.50 581 VEN/PR 7343 Books
free website counter